Disney Animated Movies - 'AND' in the Title - Statistics

General Stats
  • This quiz has been taken 56 times
    48 since last reset
  • The average score is 7 of 12
Answer Stats
Movie % Correct
Beauty AND the Beast
85%
Snow White AND the Seven Dwarfs
74%
The Princess AND the Frog
74%
Lady AND the Tramp
68%
Lilo AND Stitch
59%
Oliver AND Company
56%
The Fox AND the Hound
56%
The Adventures of Ichabod AND Mr. Toad
50%
Fun AND Fancy Free
44%
Raya AND the Last Dragon
44%
Alice in WonderlAND
26%
One-Hundred AND One Dalmatians
26%
No matching quizzes found
Score Distribution
Percent of People with Each Score
Percentile by Number Answered
Your Score History
You have not taken this quiz since the last reset